The universal refusal (Record no. 215986)
[ view plain ]
| 000 -LEADER | |
|---|---|
| fixed length control field | 01355nam a2200313 a 4500 |
| 100 1# - MAIN ENTRY--AUTHOR NAME | |
| Personal name | Schaeffer, Jacqueline. |
| 245 14 - TITLE STATEMENT | |
| Title | The universal refusal |
| 260 ## - PUBLICATION, DISTRIBUTION, ETC. (IMPRINT) | |
| Place of publication | London : |
| Name of publisher | Karnac, |
| Year of publication | 2011. |
| 300 ## - PHYSICAL DESCRIPTION | |
| Number of Pages | xix, 264 p. |
| 505 0# - FORMATTED CONTENTS NOTE | |
| Formatted contents note | pt. 1. Repudiating the feminine sphere (the sphinx and her forlorn soul) -- pt. 2. Preludes to the feminine sphere. |
| 650 #0 - SUBJECT ADDED ENTRY--TOPICAL TERM | |
| Topical Term | Psychoanalysis. |
| Topical Term | Women |
| 700 1# - ADDED ENTRY--PERSONAL NAME | |
| Personal name | Alcorn, David. |
| 856 40 - ELECTRONIC LOCATION AND ACCESS | |
| Uniform Resource Identifier | http://site.ebrary.com/lib/rucke/Doc?id=10475827 |
No items available.
